Test wiedzy o chipsach! Dla Ignacego - Statystyki

Ogólne statystyki
  • Ten quiz został rozwiązany 481 razy
  • Średni wynik to 3 z 9
Statystyki odpowiedzi
Pytanie Odpowiedz % Poprawnych
Te chipsy należą do spółki Pepsi Lays
95%
Chipsy z biedronki Top chips
52%
Te chipsy są produkowane z polskich i niemieckich ziemniaków Crunchips
34%
Najpopularniejsze chipsy nie należące do spółki Frito-Lay (lays,doritos,cheetos) Pringles
34%
Chipsy w duszki stworzone przez Walkersy Monster Munch
28%
Imię geparda z Cheetos Chester
22%
Powstały w Amerykańskiej restauracji w Disneylandzie Doritos
16%
Nazwa lays’ów sprzedawanych w tubach Stax
12%
Z jakiej firmy pochodzą wiejskie ziemniaczki? Lorenz
8%
Nie znaleziono quizów pasujących do podanych kryteriów
Rozkład punktacji
Procent ludzi z każdym wynikiem
Percentyl według liczby udzielonych odpowiedzi
Twoja historia wyników
Nie rozwiązałeś tego quizu